• 首页
  • 本馆介绍
  • 公告通知
  • 最新文献
  • 馆藏检索
  • 电子资源
  • 读者导购
  • 参考咨询
  • 我的图书馆
  • 登录
  • 详细信息显示
  • 放入我的书架
  • 预约/预借图书
  • 作者相关作品
  • 分类相关作品
  • 丛书相关作品
  • 出版社相关作品

书目信息

  • 表格格式
  • 工作单格式
  • 卡片格式
题名:
文化经济学
    
 
作者: 王天玺 著
分册:  
出版信息: 昆明   云南大学出版社  2013
页数: 231页
开本: 24cm
丛书名: 云南文库·学术名家文丛
单 册:
中图分类: G05
科图分类:
主题词: 文化经济学--研究 , 文化经济学
电子资源:
ISBN: 978-7-222-08946-4
000 00979nam0 2200277 450
001 012001002453
005 20180926151829.50
010    @a978-7-222-08946-4@dCNY50.00
100    @a20140727d2013 em y0chiy50 ea
101 0  @achi
102    @aCN@b530000
105    @aa z 000yy
106    @ar
200 1  @a文化经济学@9wen hua jing ji xue@f王天玺著
205    @a2版
210    @a昆明@c云南大学出版社@c云南人民出版社@d2013
215    @a231页@c照片@d24cm
225 1  @a云南文库·学术名家文丛@f张瑞才主编
330    @a本书稿研究的是以人为本,以文化为主导的社会主义经济。新的经济科学反映了人类生产方式的变化,也是中国人民正在进行的社会主义伟大实践的理论概括。本稿所含的学术创新和应用价值对学术界的工作具有重要的指导意义。
461  0 @12001 @a云南文库·学术名家文丛
606 0  @a文化经济学@x研究
606 0  @a文化经济学
690    @aG05@v5
701  0 @c(彝)@a王天玺@9wang tian xi@f(1944~)@4著
801  0 @aCN@b上海新华@c20180901
905    @b1158040-4@dG05@e120=2@f5
    
    文化经济学/王天玺著.-2版.-昆明:云南大学出版社:云南人民出版社,2013
    231页:照片;24cm.-(云南文库·学术名家文丛/张瑞才主编)
    
    
    ISBN 978-7-222-08946-4:CNY50.00
    本书稿研究的是以人为本,以文化为主导的社会主义经济。新的经济科学反映了人类生产方式的变化,也是中国人民正在进行的社会主义伟大实践的理论概括。本稿所含的学术创新和应用价值对学术界的工作具有重要的指导意义。
●
相关链接 在E读中查询图书 在五车中查询图书 在当当中查询图书 在豆瓣中查询图书


正题名:文化经济学     索取号:G05/120=2         预约/预借

序号 登录号 条形码 馆藏地/架位号 状态 备注
1 1158040   211580403   第四借阅区/ [索取号:G05/120=2] 在馆    
2 1158041   211580412   第四借阅区/ [索取号:G05/120=2] 在馆    
3 1158042   211580421   第四借阅区/ [索取号:G05/120=2] 在馆    
4 1158043   211580430   第四借阅区/ [索取号:G05/120=2] 在馆    
5 1158044   211580449   第一样本阅览室/ [索取号:G05/120=2] 在馆    
唐山师范学院图书馆 欢迎您!
大连网信软件有限公司© 版权所有